01249cam a22003015a 45000010009000000050017000090080041000260100017000670200019000840200018001030400013001210820021001342450132001552600056002873000042003434900039003855040061004246500035004856500061005206500056005816500037006377000029006747000027007037000026007309420012007569990017007689520162007851581676020091120064956.0090714s2009 nyu |r 001 0 eng  a 2009932595 a9783642011498  a9783642011504 aDLCcDLC 222a628.167bSEA00aSeawater Desalination :bConventional and Renewable Energy Processes /cEditors Andrea Cipollina, Giorgio Micale, Lucio Rizzuti aNew York :bSpringer Berlin Heidelberg, 2009c2009. axiv, 306 p. : bill., maps ; c24 cm.0 aGreen Energy and Technology919134 aIncludes bibliographical references(p.297-299) and index 913061aSaline water conversion 913069aSaline water conversion plantsxEconomic aspects  913068aSaline water conversion plantsxPower supply 911557aRenewable energy sources. 913067aCipollina, Andrea 913065aMicale, Giorgio 913066aRizzuti, Lucio 2ddccBB c13767d13767 00102ddc40708AlahramaMAINbMAINc1STd2010-03-24epurchaseg994.00h36l13m122o628.167 SEAp000020325q2024-10-01r2022-12-05 00:00:00s2022-12-05yBB